banner-ar

مصر فى عصرنا الحديث/ (Record no. 65626)

MARC details
000 -الفاتح
حقل البيانات ثابتة الطول 01152nam a22002657a 4500
005 - وقت وتاريخ اخر تعامل مع التسجيلة
رقم الضبط 20240530110835.0
008 - عناصر البيانات ثابتة الطول - معلومات عامة
حقل البيانات ثابتة الطول 191020s2006 ua f | 000 0aara d
017 ## - رقم الايداع القانونى
رقم الايداع القانونى 2006/19514
المصدر ( الهيئة المختصة) مصر. دار الكتب
020 ## - الرقم الدولى المعيارى للكتب
الرقم الدولى المعيارى للكتاب 9774370473
040 ## - مصدر الفهرسة
وكالة الفهرسة الأصلية EG-CaGPL
وكالة النسخ EG-CaGPL
082 04 - رقم تصنيف ديوى العشرى
رقم الطبعة 21
رقم التصنيف 327.62047
رقم المادة ق/ ز م
100 1# - المدخل الرئيسى - إسم شخصى
الإسم الشخصى زاخاروفيتش ، اناتولى
245 10 - بيان العنوان
العنوان مصر فى عصرنا الحديث/
بيان المسئوليه,etc تاليف اناتولى زاخاروفيتش ؛ ترجمة على فهمى عبدالسلام ؛ مراجعة اوليج ايفانوفيتش فومين
250 ## - بيان الطبعة
بيان الطبعة ط.1
260 ## - PUBLICATION, DISTRIBUTION, ETC. (IMPRINT)
تاريخ النشر أو التوزيع 2006
300 ## - الوصف المادى
التعداد 456 ص. ؛
أبعاد الوعاء 24 سم.
490 #0 - بيان السلسلة
عنوان السلسلة المشروع القومى للترجمة؛
رقم المجلد/ التعيين التسلسلي 1039
650 ## - المدخل الاضافى بالموضوع-مصطلح موضوعى
مصدر الرأس أو المصطلح qrmak
651 07 - المدخل الاضافى بالموضوع - اسم جغرافى
مصدر الرأس أو المصطلح qrmak
الاسم الجغرافي مصر
التقسيم الفرعي العام العلاقات الخارجية
التقسيم الفرعي الجغرافي روسيا
651 07 - المدخل الاضافى بالموضوع - اسم جغرافى
مصدر الرأس أو المصطلح qrmak
الاسم الجغرافي مصر
التقسيم الفرعي العام تاريخ
-- مقالات ومحاضرات
700 0# - المدخل الاضافى - اسم شخصى
الإسم الشخصى على فهمى عبدالسلام
الدور مترجم
700 0# - المدخل الاضافى - اسم شخصى
الإسم الشخصى اوليج ايفانوفيتش فومين
الدور مراجع
942 ## - عناصر المدخل الإضافي( كوها)
مصدر التصنيف او مخطط الترفيف Dewey Decimal Classification
Koha [default] item type كتاب
260 ## - PUBLICATION, DISTRIBUTION, ETC. (IMPRINT)
-- القاهرة :
-- المجلس الاعلى للثقافة،
Holdings
حالة التراجع حالة الفقد حالة تلف ليس للاعارة المكان المؤقت الموقع الحالى موقع الترفيف تاريخ الاكتساب اجمالي اﻻعارات رقم الطلب الباركود تاريخ اخر مشاهدة تاريخ تفعيل السعر نوع وعاء كوها
        مكتبة القاهرة الكبرى مكتبة القاهرة الكبرى   10/20/2019   327.62047 ق/ ز م 166669 10/05/2022 10/20/2019 كتاب

Powered By

EGPV